000 00682nam a2200289Ia 4500
005 20260324114543.0
008 008 260324s9999 xx 000 0 eng d
020 _a9781003216292
037 _aEBOOK
040 _aCRL
040 _beng
040 _cCRL
041 _2eng
041 _aeng
084 _qCRL
100 _aKTM Udayanga Hemapala; MK Perera
_91151236
245 0 _aSmart Microgrid Systems
245 0 _bAdvanced Technologies
260 _bTaylor and Francis
260 _c2022
365 _a
365 _b210
856 _uhttp://www.taylorfrancis.com/books/9781003216292
942 _cEBOOK
999 _c1741487
_d1741487